|
|
|
|
| LEADER |
00000nab#a22000007a#4500 |
| 001 |
arbauad003747 |
| 003 |
AR-BaUAD |
| 005 |
20250711110607.0 |
| 008 |
940303|||||||||###||||||b###|0###a|spa|| |
| 040 |
|
|
|a AR-BaUAD
|c AR-BaUAD
|b spa
|
| 245 |
1 |
0 |
|a Período 1966-1970
|
| 300 |
0 |
|
|b cortes, plantas, vistas
|
| 653 |
|
|
|a URBANISMO
|
| 653 |
|
|
|a ARQUITECTURA
|
| 653 |
|
|
|a URBANIZACIONES
|
| 653 |
|
|
|a RENOVACION URBANA
|
| 653 |
|
|
|a CATALINAS NORTE
|
| 653 |
|
|
|a VILLA CARAZA
|
| 653 |
|
|
|a BUENOS AIRES, CIUDAD
|
| 653 |
|
|
|a TERMINALES DE OMNIBUS
|
| 653 |
|
|
|a TANDIL
|
| 653 |
|
|
|a MERCADOS
|
| 653 |
|
|
|a BAHIA BLANCA
|
| 653 |
|
|
|a EDIFICIOS DE OFICINAS
|
| 653 |
|
|
|a BUENOS AIRES, PROVINCIA
|
| 653 |
|
|
|a STAFF
|
| 653 |
|
|
|a BIELUS, ANGELA
|
| 653 |
|
|
|a GOLDEMBERG, JORGE
|
| 653 |
|
|
|a WAINSTEIN KRASUK, OLGA
|
| 653 |
|
|
|a DECADA DE 1960
|
| 653 |
|
|
|a SIGLO XX
|
| 773 |
0 |
|
|t SUMMA
|g no. 64-65 [jul. 1973], p. 34-39
|
| 942 |
|
|
|c ARTI
|
| 952 |
|
|
|0 0
|1 0
|4 0
|7 0
|9 48667
|a AR-BAuAD
|b AR-BAuAD
|d 2025-07-11
|l 0
|p AAQA003747
|r 2025-07-11 11:06:07
|w 2025-07-11
|y ARTI
|
| 990 |
|
|
|a AQ197
|b TD
|
| 998 |
|
|
|a AAQ
|b BIBUN76
|
| 999 |
|
|
|c 28340
|d 28340
|